| 000 | 01206cam a22002651i 4500 | ||
|---|---|---|---|
| 003 | SA-RiAUC | ||
| 005 | 20250817040939.0 | ||
| 008 | 250808s2002 su g b f00010 ara c | ||
| 020 | _a9960880036 | ||
| 040 |
_aSA-JeKAU _bara _cSA-RiAUC _erda |
||
| 082 | 0 | 4 |
_a016.953121 _qSA-RiAUC |
| 090 |
_a016.953121 _bس ن ي |
||
| 100 | 1 |
_aالسنيدي، عبد العزيز بن راشد بن عبد الكريم، _d1382 هجري- _eمؤلف. |
|
| 245 | 1 | 0 |
_aمعجم ما ألف عن الحج : _bتاريخه-مناسكه-تنظيمه-طرقه-الرحلات إليه / _cعبد العزيز بن راشد السنيدي. |
| 264 | 1 |
_aالرياض : _bدارة الملك عبد العزيز، _c2002. |
|
| 300 |
_a415 صفحة ؛ _c24 سم. |
||
| 336 |
_aنص _btxt _2rdacontent _3كتاب |
||
| 337 |
_aبدون وسيط _bn _2rdamedia |
||
| 338 |
_aمجلد _bnc _2rdacarrier |
||
| 440 | 0 | _aسلسلة الرسائل الجامعية (دارة الملك عبد العزيز) | |
| 490 | 0 |
_aإصدارات دارة الملك عبد العزيز ؛ _v121 |
|
| 650 | 7 |
_aالحج (فقه إسلامي) _vببليوجرافيات _2aucsh |
|
| 942 |
_2ddc _cBOOK _n0 |
||
| 949 |
_aSA-JeALM _d250808 _umohamedma123 _n1 |
||
| 999 |
_c10853 _d10853 |
||